Kỹ thuật mới nuôi ông mật
Сохранить в:
| Главный автор: | |
|---|---|
| Язык: | Undetermined |
| Опубликовано: |
NXB Nông Nghiệp
NXB Nông Nghiệp
2009
|
| Метки: |
Добавить метку
Нет меток, Требуется 1-ая метка записи!
|
| Thư viện lưu trữ: | Trung tâm Học liệu Trường Đại học Trà Vinh |
|---|
| LEADER | 00515nam a2200205Ia 4500 | ||
|---|---|---|---|
| 001 | TVU_2949 | ||
| 008 | 210423s9999 xx 000 0 und d | ||
| 041 | |a Vie | ||
| 082 | |a 638.1 | ||
| 082 | |b H523 | ||
| 100 | |a Bùi Quý Huy | ||
| 245 | 0 | |a Kỹ thuật mới nuôi ông mật | |
| 245 | 0 | |c Bùi Quý Huy | |
| 260 | |a NXB Nông Nghiệp | ||
| 260 | |b NXB Nông Nghiệp | ||
| 260 | |c 2009 | ||
| 300 | |a 159Tr | ||
| 300 | |c 13x19cm | ||
| 700 | |a Bùi Quý Huy | ||
| 980 | |a Trung tâm Học liệu Trường Đại học Trà Vinh | ||